000 01989nam a2200337 i 4500
001 768714001
003 CO-MdFUSB
005 20211001144112.0
007 ta
008 200608t2006 sp a|||| |||| 00| 0 spa d
020 _a9586929019
040 _aCO-MdFUSB
_bspa
_cCO-MdFUSB
_dCO-MdFUSBC
_erda
041 _aspa
082 _223
_a128.4
_bSI572
100 _aSierra Uribe, Gloria
_eautor
245 1 _aPara vivir los duelos
_b: cartografía emocional para la sanación de las pérdidas
_c/ Gloria Sierra Uribe
250 _aPrimera edición
264 1 _aBogotá, Colombiana :
_bSan Pablo,
_c[2006]
264 4 _c2006
300 _c105 páginas ;
_a21 cm
336 _2rdacontent
_atexto
_btxt
337 _2rdamedia
_asin mediación
_bn
338 _2rdacarrier
_avolumen
_bnc
505 _aReconocer el duelo -- Los caminos del dolor -- Cartografía de los duelos -- El tejido de sanación
520 4 _aEs una puesta en escena del mundo interior cuando se hace necesario enfrentar lo inevitable. En el libro se debela, paso a paso, cada etapa de la vida y se muestra cómo desde la niñez nos vemos abocados a enfrentar los dolores. La autora analiza ampliamente las fases que se atraviesan cuando el luto toca nuestra puerta. Hace, en particular, un análisis detallado del dolor hecho síntomas y enfermedad, lo cual se refleja en el cuerpo. Éste es el mayor aporte del libro, pues con la cartografía emocional y su representación en el cuerpo, el lector podrá comprender qué es lo que duele cuando le duele el alma. Lo propuesta final es esperanzadora ya que sugiere un proceso de sanación, con ejercicios simples y amorosos. Dado que todos hemos vivido un duelo, el libro resulta valioso para todos los lectores, sin excepción. Se convierte, además. en una excelente guía para profesionales, amigos, familiares o facilitadores de grupos de duelo.
563 _aRústico
650 7 _9282
_aDolor
653 _aPsicología.
942 _cBK
945 _aDani
999 _c66053
_d66053